000 00631nam a22002057a 4500
003 NUST-PNEC
005 20170116180739.0
008 141210b xxu||||| |||| 00| 0 eng d
020 _a9812140123
020 _a 9789812140128
040 _cPNEC
082 _a005.71 GAN
100 _91088
_aGandhi, Meeta
245 _aThe 'C' odyssey OS/2 & PM : into infinite worlds
_cMeeta Gandhi
260 _aSingapore :
_bTech Publications,
_cc1992.
300 _a540 p.
_c21 cm.
650 _xComputer, MIS
856 _uhttps://www.worldcat.org/title/os2-pm-into-infinite-worlds/oclc/226199058&referer=brief_results
942 _2ddc
_cBK
999 _c62103
_d62103